| 000 | 00576nam a2200229Ia 4500 | ||
|---|---|---|---|
| 008 | 160216s9999 xx 000 0 und d | ||
| 020 | _a0-415-29843-1 | ||
| 050 | _aMAIN QA 76.9 | ||
| 050 | _b.C659S37 2003 | ||
| 245 | _aScreenplay : | ||
| 245 | _bchildren and computing in the home / | ||
| 245 | _cKeri Facer.. [et al] | ||
| 260 | _aLondon : | ||
| 260 | _bRoutledgeFalmer. | ||
| 260 | _c2003 | ||
| 300 | _a262 pages : | ||
| 300 | _bill. ; | ||
| 300 | _c22 cm. | ||
| 500 | _aIncludes index. | ||
| 650 | _aComputers and children -- | ||
| 650 | _xCase studies. | ||
| 999 |
_c290845 _d290845 |
||